|
|
|
|
| LEADER |
00000nab a2200000ua 4500 |
| 001 |
vtls010856584 |
| 003 |
SK-MaSNL |
| 005 |
20260303110143.0 |
| 008 |
230121s2011 xo |||||||||||||||||slo| |
| 035 |
|
|
|a (urnnbn)urn:nbn:sk:snk:ar-a07kjq
|
| 035 |
|
|
|a urn:nbn:sk:snk-ab6fn3
|
| 035 |
|
|
|a (uuid)4a54047e-678e-4a7d-9be9-3460d36a9f77
|
| 040 |
|
|
|a SNKBUCL
|b slo
|c SNKBUCL
|e AACR2
|
| 041 |
0 |
|
|a slo
|
| 044 |
|
|
|a xo
|c SK
|
| 100 |
1 |
|
|a Slíva, Jiří,
|d 1978-
|4 aut
|9 132401
|
| 245 |
1 |
0 |
|a Súčasné možnosti preventívneho ovplyvnenia poklesu kognitívnych funkcií
|c Jiří Slíva
|
| 773 |
0 |
|
|t Farminews : časopis pre lekárnikov a farmaceutické laborantky
|g Roč. 3, č. 2 (2011), s. 38
|
| 954 |
|
|
|a odborná, vedecká literatúra pôvodná (slovenská)
|2 lita
|
| 958 |
|
|
|a OND
|
| 958 |
|
|
|a EUIPO
|
| 958 |
|
|
|a article5
|
| 999 |
|
|
|c 1868340
|d 1870270
|